Rooms for rent (Record no. 117714)
[ view plain ]
| 000 -LEADER | |
|---|---|
| fixed length control field | 01465cam a2200277 4500 |
| 001 - CONTROL NUMBER | |
| control field | ABS68008 |
| 008 - FIXED-LENGTH DATA ELEMENTS--GENERAL INFORMATION | |
| fixed length control field | 040716n2004 000 0 eng u |
| 035 ## - SYSTEM CONTROL NUMBER | |
| System control number | (Sirsi) u126802 |
| 100 ## - MAIN ENTRY--PERSONAL NAME | |
| Personal name | Rust, M. |
| 245 ## - TITLE STATEMENT | |
| Title | Rooms for rent |
| 260 ## - PUBLICATION, DISTRIBUTION, ETC. | |
| Date of publication, distribution, etc. | 2004 |
| 490 ## - SERIES STATEMENT | |
| Series statement | Accountancy |
| Volume/sequential designation | 134(1331) July 2004, 54-55(2) |
| 520 ## - SUMMARY, ETC. | |
| Summary, etc. | The outlook for Europe's hotel industry looks set to improve, according to Deloitte's latest "HotelBenchmark survey". Data shows that revenue per available room (revPAR), the hotel industry's key performance measure, rose 10% in March 2004 to reach £44. The rise in room yields was mainly due to the result of increased bookings. Occupancies averaged 65% in March, a rise of 8.3% on last year. The UK's hotel industry has shown good recovery after a poor 2003. London reported the highest first quarter hotel occupancy level of any city across Europe, at 72.6%. Across Europe, improvement is expected in revPAR levels as economic conditions improve and new markets are opened up for consumers by the availability of cheaper flights. Visit www.HotelBenchmark.com for further information on how to join the survey. |
| 590 ## - LOCAL NOTE (RLIN) | |
| Local note | ABS |
| 590 ## - LOCAL NOTE (RLIN) | |
| Local note | ABS |
| 650 ## - SUBJECT ADDED ENTRY--TOPICAL TERM | |
| Topical term or geographic name entry element | HOTEL INDUSTRY |
| 650 ## - SUBJECT ADDED ENTRY--TOPICAL TERM | |
| Topical term or geographic name entry element | LEISURE INDUSTRY |
| 650 ## - SUBJECT ADDED ENTRY--TOPICAL TERM | |
| Topical term or geographic name entry element | EUROPE |
| 650 ## - SUBJECT ADDED ENTRY--TOPICAL TERM | |
| Topical term or geographic name entry element | HOTEL PERFORMANCE |
| 650 ## - SUBJECT ADDED ENTRY--TOPICAL TERM | |
| Topical term or geographic name entry element | OCCUPANCY |
| 650 ## - SUBJECT ADDED ENTRY--TOPICAL TERM | |
| Topical term or geographic name entry element | LONDON |
| 650 ## - SUBJECT ADDED ENTRY--TOPICAL TERM | |
| Topical term or geographic name entry element | UNITED KINGDOM |
| 650 ## - SUBJECT ADDED ENTRY--TOPICAL TERM | |
| Topical term or geographic name entry element | ECONOMIC RECOVERY |
| 690 ## - LOCAL SUBJECT ADDED ENTRY--TOPICAL TERM (OCLC, RLIN) | |
| Topical term or geographic name as entry element | COMMERCIAL PROPERTY-MARKET |
| 942 ## - ADDED ENTRY ELEMENTS (KOHA) | |
| Suppress in OPAC | 0 |
| Withdrawn status | Lost status | Source of classification or shelving scheme | Damaged status | Not for loan | Home library | Current library | Shelving location | Date acquired | Total Checkouts | Full call number | Barcode | Date last seen | Copy number | Price effective from | Koha item type |
|---|---|---|---|---|---|---|---|---|---|---|---|---|---|---|---|
| Dewey Decimal Classification | London | London | Journal article | 16/07/2004 | ABS68008 | 126802-1001 | 06/08/2019 | 1 | 06/08/2019 | Journal article |